[Event "Air Force ch"]
[Site "?"]
[Date "1987.??.??"]
[Round "3"]
[White "Moore, B."]
[Black "Vitko, G."]
[Result "0-1"]
[WhiteElo "2275"]
[BlackElo "2185"]
[PlyCount "90"]
[EventDate "1987.??.??"]

1. e4 c5 2. d4 cxd4 3. Nf3 Nf6 4. e5 Nd5 5. Qxd4 e6 6. Bc4 Nc6 7. Qe4 f5 8. Qe2
Nde7 9. Nc3 a6 10. Bg5 h6 11. Bh4 g5 12. O-O-O Ng6 13. Bxe6 Nf4 14. Bxd7+ Bxd7
15. Qc4 b5 16. Qxf4 gxf4 17. Bxd8 Rxd8 18. Nd5 Bc5 19. Rhe1 Be6 20. Nxf4 Kf7
21. Nd3 Be7 22. a3 Rhg8 23. g3 Bc4 24. h4 Bxd3 25. Rxd3 Rxd3 26. cxd3 Bc5 27.
Re2 Nd4 28. Nxd4 Bxd4 29. Rc2 Bxe5 30. h5 Re8 31. Kd2 Bd4 32. f3 Re3 33. Rc7+
Re7 34. Rc6 Re6 35. Rc7+ Kf6 36. f4 Bf2 37. Rc8 Bxg3 38. Rf8+ Ke7 39. Rxf5 Rf6
40. Rc5 Bxf4+ 41. Kc3 Kd7 42. Kb3 Bd6 43. Rc1 Rf3 44. Kc3 Rh3 45. b4 Be5+ 0-1

[Event "Air Force ch"]
[Site "?"]
[Date "1992.??.??"]
[Round "6"]
[White "McCalmont, J."]
[Black "Wilson, M."]
[Result "1/2-1/2"]
[WhiteElo "2185"]
[BlackElo "1930"]
[PlyCount "89"]
[EventDate "1992.??.??"]

1. e4 c5 2. Nf3 Nc6 3. c4 d6 4. d4 cxd4 5. Nxd4 Nf6 6. Nc3 g6 7. Be2 Bg7 8. Be3
O-O 9. O-O Bd7 10. f3 Rc8 11. Qd2 Qa5 12. Rfd1 a6 13. Rac1 Rfe8 14. Rc2 Nb4 15.
Rcc1 Nc6 16. Nb3 Qc7 17. Nd5 Qb8 18. Nxf6+ Bxf6 19. c5 Red8 20. cxd6 Be6 21.
Bc5 Be5 22. Qg5 Bxd6 23. Rxd6 exd6 24. Bb6 Rf8 25. Qf6 Ne5 26. Bd4 Bxb3 27.
Rxc8 Qxc8 28. Qxd6 Nc6 29. Bc3 Qe6 30. Qd2 Bc4 31. Qh6 f6 32. Bd1 Ne5 33. b3
Rd8 34. Bc2 Bd3 35. Qd2 Qd7 36. Qf4 Bxc2 37. Qxf6 Qd1+ 38. Kf2 Nd3+ 39. Kg3 Ne5
40. Bxe5 Qd7 41. Qh8+ Kf7 42. Qg7+ Ke8 43. Qh8+ Kf7 44. Qf6+ Kg8 45. Qh8+
1/2-1/2

[Event "1991 Armed Forces Ch"]
[Site "?"]
[Date "1991.??.??"]
[Round "12"]
[White "McCalmont, J."]
[Black "McMahon, D."]
[Result "1-0"]
[WhiteElo "2140"]
[BlackElo "2020"]
[PlyCount "89"]
[EventDate "1991.??.??"]

1. d4 d5 2. c4 e6 3. Nc3 Nf6 4. Bg5 Be7 5. Nf3 h6 6. Bh4 g5 7. Bg3 Ne4 8. e3 c6
9. Nxe4 dxe4 10. Nd2 f5 11. Qh5+ Kf8 12. O-O-O Bd7 13. Qe2 Na6 14. Nb3 Nb4 15.
Kb1 a5 16. f3 a4 17. Nc1 a3 18. b3 exf3 19. gxf3 Be8 20. Be5 Rh7 21. Rg1 b5 22.
Nd3 Nxd3 23. Qxd3 c5 24. d5 Bf6 25. Qc3 b4 26. Qa1 Bg7 27. Be2 Qe7 28. f4 Rd8
29. Bf3 g4 30. Bh1 Qh4 31. Rd2 Bf7 32. d6 Be8 33. Rgd1 Bd7 34. e4 Bc6 35. Bxg7+
Rxg7 36. Qe5 Bxe4+ 37. Bxe4 fxe4 38. Qxc5 Qf6 39. Qe5 Qxe5 40. fxe5 Rg5 41. c5
e3 42. Re2 Rxe5 43. c6 Rc5 44. c7 Rd7 45. Rc1 1-0

[Event "Air Force ch"]
[Site "?"]
[Date "1989.??.??"]
[Round "3"]
[White "Lankey, B."]
[Black "Waldowski, P."]
[Result "1-0"]
[WhiteElo "2230"]
[BlackElo "2060"]
[PlyCount "89"]
[EventDate "1989.??.??"]

1. e4 c5 2. Nc3 Nc6 3. g3 e6 4. Bg2 Nf6 5. f4 d5 6. e5 Nd7 7. Nf3 a6 8. O-O b5
9. d3 Qc7 10. Qe2 Nb6 11. Nd1 Bb7 12. c3 O-O-O 13. d4 h6 14. dxc5 Bxc5+ 15. Be3
Be7 16. b3 b4 17. Qf2 Nd7 18. c4 Qa5 19. cxd5 exd5 20. Rc1 Kb8 21. Bh3 g5 22.
Nd4 Nxd4 23. Bxd4 Rhg8 24. f5 g4 25. Bg2 Rc8 26. Ne3 h5 27. f6 Bc5 28. Nf5 Bxd4
29. Qxd4 Rxc1 30. Rxc1 Rg5 31. Qf4 Qb6+ 32. Kh1 Rxf5 33. Qxf5 Qe3 34. Qf4 Qxe5
35. Qxe5+ Nxe5 36. Rd1 Nf3 37. Bxf3 gxf3 38. Kg1 Kc7 39. Kf2 Kd6 40. Kxf3 Ke5
41. Re1+ Kxf6 42. Kf4 Kg6 43. Rc1 Kf6 44. Rc7 Ba8 45. Ra7 1-0

[Event "1990 Armed Forces ch"]
[Site "?"]
[Date "1990.??.??"]
[Round "5"]
[White "Highley, E."]
[Black "Murillo, M."]
[Result "0-1"]
[WhiteElo "1755"]
[BlackElo "2230"]
[PlyCount "90"]
[EventDate "1990.??.??"]

1. e4 g6 2. d4 Bg7 3. c4 Nc6 4. Be3 e5 5. Nf3 d6 6. dxe5 dxe5 7. Qxd8+ Nxd8 8.
Nc3 c6 9. Rd1 Bg4 10. Be2 Bxf3 11. Bxf3 Ne6 12. O-O Bh6 13. Bg4 Bxe3 14. fxe3
Ke7 15. Bxe6 Kxe6 16. Rd3 Nf6 17. Rfd1 Ke7 18. h3 Rhd8 19. Kf2 Rxd3 20. Rxd3 h5
21. Kf3 g5 22. Kf2 g4 23. h4 a5 24. g3 Ne8 25. c5 a4 26. Ke2 Ra5 27. Kd2 Nf6
28. Kd1 Nd7 29. Rd6 Rxc5 30. Rh6 a3 31. Kc2 axb2 32. Kxb2 Nf6 33. a4 Ra5 34.
Kb3 Ra8 35. Kb2 Rd8 36. Kc2 b6 37. Nd1 Nxe4 38. Rxh5 Ke6 39. Nc3 Nxg3 40. Rg5
Nf1 41. Nd1 Rd2+ 42. Kc1 Ra2 43. Nc3 Rg2 44. e4 Ne3 45. Rg8 Rc2+ 0-1

[Event "1990 Armed Forces ch"]
[Site "?"]
[Date "1990.??.??"]
[Round "4"]
[White "Balares, J."]
[Black "Highley, E."]
[Result "1-0"]
[WhiteElo "2155"]
[BlackElo "1755"]
[PlyCount "89"]
[EventDate "1990.??.??"]

1. e4 c5 2. Nc3 Nc6 3. f4 e6 4. Nf3 Nge7 5. a4 g6 6. Bc4 Bg7 7. O-O O-O 8. d3
d6 9. Qe1 Nd4 10. Nxd4 Bxd4+ 11. Kh1 Nc6 12. Qg3 Bg7 13. f5 exf5 14. Bg5 Be5
15. Qh4 Qa5 16. Nd5 Be6 17. Nf6+ Bxf6 18. Bxf6 Qd2 19. Rf4 h5 20. Bc3 Qxc2 21.
Rf2 Qxf2 22. Qxf2 fxe4 23. Qg3 d5 24. Bb5 d4 25. Bd2 e3 26. Be1 Bf5 27. Qd6 Na5
28. Bxa5 a6 29. Bc4 b5 30. Bd5 Rac8 31. Be4 Bxe4 32. dxe4 Rfe8 33. e5 Re6 34.
Qd5 bxa4 35. Rc1 a3 36. bxa3 Rec6 37. Qd7 e2 38. Re1 c4 39. e6 c3 40. exf7+ Kh8
41. Qxd4+ Kh7 42. Qd7 Kg7 43. Bb4 Kh6 44. f8=Q+ Rxf8 45. Bxf8+ 1-0

[Event "1991 Armed Forces Ch"]
[Site "?"]
[Date "1991.??.??"]
[Round "1"]
[White "Smithwick, J."]
[Black "Felsen, A."]
[Result "1-0"]
[WhiteElo "2170"]
[BlackElo "1975"]
[PlyCount "91"]
[EventDate "1991.??.??"]

1. d4 d5 2. Nf3 Nf6 3. g3 Nc6 4. Bg2 Bf5 5. O-O e6 6. a3 Bd6 7. c4 dxc4 8. Qa4
Qd7 9. Qxc4 Ne4 10. b4 O-O 11. Bb2 Ne7 12. Nfd2 Nxd2 13. Nxd2 c6 14. e4 Bg6 15.
Nb3 Rad8 16. Rac1 Nc8 17. Na5 Nb6 18. Qe2 Be7 19. h4 f5 20. h5 Bf7 21. g4 fxe4
22. Bxe4 Nd5 23. Nc4 Bd6 24. Qc2 h6 25. Rce1 Bf4 26. Qe2 Qe7 27. Qf3 Qh4 28.
Qg2 Nf6 29. Bf3 Kh8 30. Ne5 Nd5 31. Bxd5 exd5 32. Re2 Bxe5 33. Rxe5 Rde8 34.
Rfe1 Rxe5 35. Rxe5 Re8 36. Bc3 Qf6 37. Qg3 Re7 38. f4 Be6 39. g5 hxg5 40. fxg5
Qf7 41. g6 Qg8 42. Qe3 Re8 43. Be1 Bd7 44. Bg3 Rxe5 45. Bxe5 Qe6 46. Qh6+ 1-0

[Event "Air Force ch"]
[Site "?"]
[Date "1989.??.??"]
[Round "2"]
[White "Shown, E."]
[Black "Waldowski, P."]
[Result "0-1"]
[WhiteElo "1990"]
[BlackElo "2060"]
[PlyCount "92"]
[EventDate "1989.??.??"]

1. Nf3 d5 2. e3 Nf6 3. c4 g6 4. Nc3 Bg7 5. d4 O-O 6. Bd3 c6 7. O-O dxc4 8. Bxc4
b5 9. Bb3 Nbd7 10. d5 $6 b4 11. dxc6 bxc3 12. cxd7 Ba6 13. Re1 Nxd7 14. Nd4 Nc5
15. Bc2 e5 16. Nb3 Nd3 17. Bxd3 Bxd3 18. bxc3 Rc8 19. Bd2 Qh4 20. Nc1 Bc4 21.
e4 Rfd8 22. Qc2 Rc6 23. Rb1 f5 24. Rb4 f4 25. Nb3 Bd3 26. Qd1 g5 27. Nc1 Bc4
28. Nb3 Bf7 29. Qe2 Bf8 30. Ra4 g4 31. g3 Qh5 32. h4 f3 33. Qe3 Bh6 $2 34. Qxa7
Bxb3 35. axb3 $2 Bxd2 36. Rd1 Rcd6 37. Rc4 Qg6 38. Rc7 Bh6 39. Rxd6 Qxd6 40.
Rxh7 Qg6 41. Rb7 Qxe4 42. Rb8 Qe1+ 43. Kh2 Rxb8 44. Qxb8+ Kh7 45. Qb7+ Bg7 46.
Qb6 Qf1 0-1

[Event "1991 Armed Forces Ch"]
[Site "?"]
[Date "1991.??.??"]
[Round "2"]
[White "Langreck, J."]
[Black "Lane, P."]
[Result "1-0"]
[WhiteElo "2040"]
[BlackElo "2105"]
[PlyCount "91"]
[EventDate "1991.??.??"]

1. e4 c5 2. Nf3 d6 3. d4 cxd4 4. Nxd4 Nf6 5. Nc3 a6 6. Be2 e6 7. O-O Be7 8. Be3
O-O 9. f4 Nc6 10. Kh1 e5 11. Nb3 exf4 12. Rxf4 Be6 13. Nd4 Ne5 14. Nf5 Ng6 15.
Rf1 Rc8 16. Bg5 Bxf5 17. Rxf5 h6 18. Be3 Ne5 19. a4 Qc7 20. Qf1 Rfe8 21. Bd4
Ned7 22. Bd3 Bf8 23. Bxf6 Nxf6 24. Rxf6 gxf6 25. Nd5 Qd8 26. Nxf6+ Kg7 27.
Nxe8+ Qxe8 28. Qf3 Rc7 29. b3 Kg8 30. Rf1 Bg7 31. Bc4 b5 32. axb5 axb5 33. Bd5
b4 34. Bc4 Qe7 35. Qf4 Qf8 36. Qf2 Rb7 37. Qf3 Be5 38. Qf5 Rc7 39. Qf2 Kg7 40.
Qb6 Qe7 41. Rxf7+ Qxf7 42. Bxf7 Rxf7 43. Kg1 d5 44. exd5 Rf4 45. Qb7+ Rf7 46.
Qxb4 1-0

[Event "Air Force ch"]
[Site "?"]
[Date "1987.??.??"]
[Round "7"]
[White "Hood, A."]
[Black "Moore, B."]
[Result "1-0"]
[WhiteElo "2085"]
[BlackElo "2275"]
[PlyCount "91"]
[EventDate "1987.??.??"]

1. e4 c5 2. Nf3 d6 3. Nc3 Nf6 4. b3 Nc6 5. Bb2 e5 6. Bc4 Be7 7. O-O a6 8. Ng5
O-O 9. f4 b5 10. Nxf7 Rxf7 11. Bxf7+ Kxf7 12. Nd5 Bg4 13. Qe1 Kg8 14. d3 Nd4
15. Rf2 Nxd5 16. exd5 Bh4 17. g3 Bf6 18. Bxd4 cxd4 19. Qe4 Bh5 20. g4 Bg6 21.
f5 Bf7 22. Rg2 Ra7 23. Rg3 Qa8 24. g5 Bxd5 25. Qh4 Bd8 26. Qh5 Qc6 27. Rh3 g6
28. fxg6 Bh1 29. gxh7+ Kh8 30. Qg4 Rxh7 31. Rxh7+ Kxh7 32. Rf1 Kg7 33. h4 Be7
34. h5 Bd5 35. h6+ Kg8 36. Qf5 Qe8 37. g6 Bd8 38. h7+ Kg7 39. Qf8+ Qxf8 40.
Rxf8 Kxf8 41. h8=Q+ Bg8 42. Qh6+ Ke8 43. g7 Kf7 44. Qxd6 Bf6 45. Qf8+ Kg6 46.
Qxg8 1-0

[Event "1991 Armed Forces Ch"]
[Site "?"]
[Date "1991.??.??"]
[Round "12"]
[White "Hampel, R."]
[Black "Felsen, A."]
[Result "1-0"]
[WhiteElo "2135"]
[BlackElo "1975"]
[PlyCount "91"]
[EventDate "1991.??.??"]

1. e4 e5 2. Nf3 Nc6 3. Bb5 a6 4. Ba4 Nf6 5. O-O b5 6. Bb3 Be7 7. Re1 d6 8. h3
Na5 9. d4 Nxb3 10. axb3 exd4 11. Nxd4 Bb7 12. Nf5 O-O 13. Bg5 Re8 14. Nc3 Bf8
15. Qf3 h6 16. Nxh6+ gxh6 17. Bxf6 Qd7 18. Nd5 Bxd5 19. exd5 Rxe1+ 20. Rxe1 Re8
21. Rxe8 Qxe8 22. Bc3 Qe7 23. Qg4+ Kh7 24. Qf5+ Kg8 25. Qf6 Qxf6 26. Bxf6 Bg7
27. Bxg7 Kxg7 28. f4 a5 29. Kf2 Kf6 30. g4 Ke7 31. Kg3 Kf6 32. Kh4 Kg6 33. f5+
Kf6 34. Kh5 Kg7 35. h4 f6 36. g5 fxg5 37. hxg5 hxg5 38. Kxg5 Kf7 39. f6 a4 40.
bxa4 bxa4 41. Kf5 Kf8 42. Ke6 Ke8 43. f7+ Kf8 44. Kf6 a3 45. bxa3 c5 46. dxc6
1-0

[Event "1991 Armed Forces Ch"]
[Site "?"]
[Date "1991.??.??"]
[Round "6"]
[White "Crook, C."]
[Black "Murillo, M."]
[Result "1-0"]
[WhiteElo "2125"]
[BlackElo "2205"]
[PlyCount "91"]
[EventDate "1991.??.??"]

1. e4 g6 2. f4 Bg7 3. Nf3 d6 4. Nc3 a6 5. d4 Bg4 6. Be2 Nc6 7. Be3 Bxf3 8. Bxf3
e5 9. Ne2 exf4 10. Bxf4 Qe7 11. c3 Nf6 12. Qc2 O-O 13. O-O Qd7 14. Rae1 Nd8 15.
e5 Ne8 16. Ng3 d5 17. Qb3 c6 18. Rf2 Nc7 19. Ref1 Kh8 20. Bg5 Kg8 21. Qd1 Nde6
22. Bg4 b6 23. Qd2 c5 24. Bf6 cxd4 25. cxd4 Qa4 26. Ne2 Rae8 27. b3 Qb5 28. Nf4
Bh6 29. Qc3 Nxf4 30. Qxc7 Ne6 31. Qc3 a5 32. Qh3 Bg7 33. Bxg7 Kxg7 34. Bxe6
Rxe6 35. Rf6 Qc6 36. Qf3 Qd7 37. g4 b5 38. g5 b4 39. Qh3 Kg8 40. Qh6 Rc6 41.
R6f4 Rfc8 42. Rh4 Qe6 43. Qxh7+ Kf8 44. Rhf4 R8c7 45. Qh8+ Ke7 46. Qg8 1-0

[Event "1990 Armed Forces ch"]
[Site "?"]
[Date "1990.??.??"]
[Round "11"]
[White "Balares, J."]
[Black "Crook, C."]
[Result "1-0"]
[WhiteElo "2155"]
[BlackElo "1980"]
[PlyCount "91"]
[EventDate "1990.??.??"]

1. e4 c6 2. c4 d5 3. cxd5 cxd5 4. exd5 Nf6 5. Qf3 Qxd5 6. Nc3 Qe5+ 7. Nge2 Nc6
8. Qe3 Bd7 9. a3 g6 10. d4 Qxe3 11. Bxe3 Bg7 12. g3 O-O 13. Bg2 Ng4 14. h3 Nxe3
15. fxe3 Rac8 16. Rd1 Na5 17. Kf2 b6 18. Bd5 e5 19. b4 Nc4 20. Bxc4 Rxc4 21.
Nd5 exd4 22. Nxd4 Be6 23. Nf4 Bxd4 24. exd4 Rc2+ 25. Ke3 Bf5 26. Kf3 Re8 27.
Rhe1 Rc3+ 28. Kf2 Rxe1 29. Rxe1 Rxa3 30. g4 Bd7 31. Re7 Bb5 32. g5 Kf8 33. Rc7
a5 34. bxa5 bxa5 35. Nd5 Rxh3 36. Rc8+ Be8 37. Nf6 Ke7 38. Rxe8+ Kd6 39. Ra8
Rd3 40. Ra6+ Ke7 41. d5 a4 42. Rxa4 h5 43. Ra7+ Kd6 44. Ke2 Rb3 45. Rxf7 Ke5
46. Re7+ 1-0

[Event "1990 Armed Forces ch"]
[Site "?"]
[Date "1990.??.??"]
[Round "1"]
[White "Whitten, J."]
[Black "Balares, J."]
[Result "1/2-1/2"]
[WhiteElo "2075"]
[BlackElo "2150"]
[PlyCount "93"]
[EventDate "1990.??.??"]

1. e4 d6 2. d4 Nf6 3. Nc3 g6 4. Nf3 Bg7 5. h3 c6 6. Bd3 O-O 7. O-O e5 8. Bg5
exd4 9. Nxd4 Qb6 10. Nb3 a5 11. a4 Be6 12. Kh1 Nbd7 13. Be3 Qc7 14. f4 Nh5 15.
Qf3 d5 16. g4 dxe4 17. Nxe4 Nhf6 18. Nbc5 Nxc5 19. Bxc5 Rfe8 20. Bd6 Qd7 21.
Rad1 Bd5 22. Be5 Qe6 23. Rde1 Nxe4 24. Bxe4 Bxe4 25. Rxe4 f6 26. f5 Qe7 27.
Ree1 fxe5 28. f6 Bxf6 29. Qxf6 Rad8 30. Qxe7 Rxe7 31. Rf2 Kg7 32. Kg2 Rd4 33.
b3 b5 34. axb5 cxb5 35. Rfe2 Kf6 36. Rf1+ Rf4 37. Rd1 a4 38. Rd5 Rb4 39. bxa4
bxa4 40. Ra5 h5 41. Rf2+ Kg5 42. gxh5 gxh5 43. c3 Rc4 44. Ra2 Rxc3 45. R2xa4
Kf5 46. Rh4 Rb7 47. Rxh5+ 1/2-1/2

[Event "Air Force ch"]
[Site "?"]
[Date "1991.??.??"]
[Round "8"]
[White "Hampel, R."]
[Black "Moore, B."]
[Result "0-1"]
[WhiteElo "2115"]
[BlackElo "2270"]
[PlyCount "94"]
[EventDate "1991.??.??"]

1. e4 c5 2. Nf3 d6 3. d4 cxd4 4. Nxd4 Nf6 5. Nc3 a6 6. f4 e5 7. Nf3 Nbd7 8. Bd3
Be7 9. O-O b5 10. a3 Bb7 11. Qe1 Qc7 12. Qg3 Nh5 13. Qg4 Qc5+ 14. Kh1 Ndf6 15.
Qh4 exf4 16. Bxf4 h6 17. Bd2 g5 18. Qf2 Qxf2 19. Rxf2 g4 20. Nd4 g3 21. Rf3
gxh2 22. Kxh2 Ng4+ 23. Kg1 Bf6 24. Nf5 Be5 25. Raf1 Nh2 26. Nxh6 Nxf1 27. Kxf1
Nf6 28. Bg5 Rc8 29. g4 Bxc3 30. bxc3 Nxe4 31. Bxe4 Bxe4 32. Rf4 Bg6 33. Rf2 Kd7
34. Bd2 Rhe8 35. Nxf7 Rf8 36. Nh6 Rxf2+ 37. Kxf2 Bxc2 38. Ke3 Rc4 39. Kf3 Ke6
40. g5 Bg6 41. Ng8 Ra4 42. Bc1 Rh4 43. Ke3 Rh1 44. Kd2 Rh2+ 45. Kd1 Bh5+ 46.
Ke1 Re2+ 47. Kf1 Rc2 0-1

[Event "Air Force ch"]
[Site "?"]
[Date "1987.??.??"]
[Round "1"]
[White "Echaure, S."]
[Black "McCalmont, J."]
[Result "1-0"]
[WhiteElo "2110"]
[BlackElo "2155"]
[PlyCount "93"]
[EventDate "1987.??.??"]

1. Nf3 Nf6 2. g3 c5 3. Bg2 Nc6 4. c4 g6 5. Nc3 Bg7 6. d3 O-O 7. O-O d6 8. a3
Rb8 9. Rb1 Bf5 10. Bg5 Qd7 11. Qd2 Rfe8 12. Rfe1 Bh3 13. b4 Bxg2 14. Kxg2 h5
15. Bh6 Qg4 16. Bxg7 Kxg7 17. h3 Qd7 18. Rb3 b6 19. e4 Nd4 20. Nxd4 cxd4 21.
Ne2 e5 22. h4 Ng4 23. Ng1 Rf8 24. Nh3 f6 25. Rbb1 Rf7 26. Re2 Rbf8 27. Rf1 f5
28. Ng5 Rf6 29. f3 Ne3+ 30. Rxe3 dxe3 31. Qxe3 f4 32. Qf2 a5 33. Qxb6 axb4 34.
axb4 d5 35. Qf2 dxc4 36. dxc4 fxg3 37. Kxg3 Rf4 38. Qe2 Rd8 39. Rc1 Qe7 40. c5
Rff8 41. c6 Qf6 42. Qe3 Kh8 43. Qa7 Qf4+ 44. Kh3 Qg4+ 45. fxg4 hxg4+ 46. Kg2
Rd2+ 47. Kg1 1-0

[Event "1991 Armed Forces Ch"]
[Site "?"]
[Date "1991.??.??"]
[Round "3"]
[White "McMahon, D."]
[Black "Smithwick, J."]
[Result "1-0"]
[WhiteElo "2020"]
[BlackElo "2170"]
[PlyCount "95"]
[EventDate "1991.??.??"]

1. e4 g6 2. d4 Bg7 3. Nc3 d6 4. Bc4 a6 5. Bg5 Nd7 6. Nf3 c6 7. Qd2 b5 8. Bb3
Qc7 9. O-O h6 10. Bf4 e6 11. d5 cxd5 12. exd5 e5 13. Rfe1 Kf8 14. Bg3 g5 15. h4
f6 16. Nh2 Ne7 17. f3 Nf5 18. Bf2 gxh4 19. Ne4 h5 20. Qd3 Rg8 21. c4 Bh6 22. c5
Bf4 23. c6 Nb6 24. Nxf6 Rg5 25. Ne4 Rg6 26. Nf1 Rb8 27. Re2 Qg7 28. Be1 Nd4 29.
Bxh4 a5 30. g3 Nc4 31. Kh2 a4 32. gxf4 Bf5 33. Bxc4 bxc4 34. Qe3 Nxe2 35. Qxe2
exf4 36. Re1 Rxb2 37. Nfd2 Kg8 38. Nxd6 c3 39. Qe8+ Kh7 40. Nxf5 Rxd2+ 41. Kh1
c2 42. Nxg7 Rd1 43. Nf5 Rxe1+ 44. Qxe1 a3 45. Qe7+ Kg8 46. Qe8+ Kh7 47. Qf7+
Kh8 48. Bf6+ 1-0

[Event "Air Force ch"]
[Site "?"]
[Date "1992.??.??"]
[Round "2"]
[White "McCalmont, J."]
[Black "Smith, B."]
[Result "1-0"]
[WhiteElo "2185"]
[BlackElo "1815"]
[PlyCount "95"]
[EventDate "1992.??.??"]

1. e4 c5 2. Nf3 d6 3. d4 cxd4 4. Nxd4 Nf6 5. Nc3 a6 6. Bg5 e6 7. Qd2 Be7 8.
O-O-O Qc7 9. f4 h6 10. Bh4 O-O 11. Nf3 Nbd7 12. Bd3 b5 13. Rde1 Bb7 14. e5 b4
15. Nd1 dxe5 16. fxe5 Nd5 17. Bxe7 Nxe7 18. Qxb4 Nc5 19. Nf2 Rac8 20. Re2 Rfd8
21. Kb1 a5 22. Qh4 Nxd3 23. Nxd3 Ba6 24. Nfe1 Bxd3 25. Nxd3 Nd5 26. Qe1 Rb8 27.
Ka1 Qb6 28. Qf2 Qb5 29. Re4 Rdc8 30. Qe2 a4 31. a3 Rc7 32. Rc1 Rc4 33. Nb4 Rxe4
34. Qxe4 Nxb4 35. Qxb4 Qxe5 36. Qc3 Qxh2 37. g3 Qh5 38. Qd4 Qg5 39. Rd1 Qxg3 $4
40. Rg1 e5 41. Qa7 Qh2 42. Qxb8+ Kh7 43. Re1 Qxc2 44. Qxe5 Qf2 45. Qe4+ f5 46.
Qb1 g6 47. Re7+ Kh8 48. Qc1 1-0

[Event "1991 Armed Forces Ch"]
[Site "?"]
[Date "1991.??.??"]
[Round "3"]
[White "McCalmont, J."]
[Black "Murillo, M."]
[Result "0-1"]
[WhiteElo "2140"]
[BlackElo "2205"]
[PlyCount "96"]
[EventDate "1991.??.??"]

1. e4 d6 2. d4 Nf6 3. Nc3 g6 4. Nf3 Bg7 5. Be2 c6 6. O-O O-O 7. h3 Qc7 8. Be3
Nbd7 9. Qd2 Re8 10. Rfd1 b5 11. a3 a6 12. Nh2 e5 13. f3 Bb7 14. dxe5 dxe5 15.
Ng4 Nxg4 16. hxg4 Nf8 17. Qd6 Qxd6 18. Rxd6 Ne6 19. Rd2 Nd4 20. Bf1 c5 21. Rad1
Bc6 22. Ne2 Bf8 23. Nc1 c4 24. Ne2 Nxe2+ 25. Rxe2 c3 26. b4 a5 27. Bc5 Bxc5+
28. bxc5 Red8 29. Ree1 b4 30. Rxd8+ Rxd8 31. axb4 axb4 32. Rb1 Rd4 33. Be2 Rd2
34. Kf1 Rxc2 35. Rxb4 Rb2 36. Rc4 Rxe2 37. Kxe2 Bb5 38. Kd3 c2 39. Kxc2 Bxc4
40. Kc3 Be6 41. Kb4 Kf8 42. Ka5 Ke8 43. Kb6 Kd8 44. Kb7 Bc8+ 45. Kb8 g5 46. c6
h6 47. g3 f6 48. c7+ Kd7 0-1

[Event "Air Force ch"]
[Site "?"]
[Date "1987.??.??"]
[Round "5"]
[White "Hill, L."]
[Black "Echaure, S."]
[Result "1-0"]
[WhiteElo "2155"]
[BlackElo "2110"]
[PlyCount "95"]
[EventDate "1987.??.??"]

1. d4 Nf6 2. Bg5 d5 3. e3 Nbd7 4. Bd3 g6 5. c3 Bg7 6. f4 c6 7. Nd2 Qb6 8. Rb1
h6 9. Bh4 e6 10. Ngf3 O-O 11. Bxf6 Nxf6 12. Ne5 Bd7 13. h4 Rad8 14. Qf3 h5 15.
O-O c5 16. Qe2 Bc6 17. Qe1 Ne4 18. Kh2 Nxd2 19. Qxd2 Bb5 20. Rf3 Bxd3 21. Qxd3
Bxe5 22. fxe5 Qc7 23. Rf6 c4 24. Qc2 Kg7 25. Rbf1 Rd7 26. Qf2 Qd8 27. Qf4 Qe7
28. Qg5 b5 29. a3 a5 30. R1f3 Qe8 31. g4 hxg4 32. Qxg4 Rh8 33. Rg3 Rh6 34. Qg5
Rb7 35. Kg2 b4 36. axb4 axb4 37. Rf2 bxc3 38. bxc3 Qe7 39. Rf6 Rb2+ 40. Kh3 Qe8
41. Rgf3 Rb7 42. Qf4 Rh7 43. e4 Qd7 44. Rxg6+ Kf8 45. Qg5 Rh8 46. Qf6 Rg8 47.
Rxg8+ Kxg8 48. Qh6 1-0

[Event "1991 Armed Forces Ch"]
[Site "?"]
[Date "1991.??.??"]
[Round "6"]
[White "Hampel, R."]
[Black "Langreck, J."]
[Result "0-1"]
[WhiteElo "2135"]
[BlackElo "2040"]
[PlyCount "96"]
[EventDate "1991.??.??"]

1. e4 e5 2. Nf3 Nc6 3. Bb5 a6 4. Ba4 Nf6 5. O-O Be7 6. Re1 b5 7. Bb3 O-O 8. c3
d5 9. exd5 Nxd5 10. Nxe5 Nxe5 11. Rxe5 c6 12. d4 Bd6 13. Re1 Qh4 14. g3 Qh3 15.
Be3 Bg4 16. Qd3 Rae8 17. Nd2 Re6 18. Bd1 Bxd1 19. Raxd1 f5 20. Nf3 Nxe3 21.
Rxe3 Rh6 22. Qe2 f4 23. Re8 g5 24. Rxf8+ Kxf8 25. Qe4 fxg3 26. fxg3 Bxg3 27.
Rf1 Bf4 28. Rf2 Re6 29. Nxg5 Qg4+ 30. Qg2 Re1+ 31. Rf1 Rxf1+ 32. Kxf1 Qxg2+ 33.
Kxg2 Bxg5 34. b3 Ke7 35. Kf3 Kd6 36. Ke4 Ke6 37. c4 Bc1 38. h3 Bb2 39. a4 bxc4
40. bxc4 Kd6 41. Kd3 Ba1 42. Ke4 Ke6 43. Ke3 Kf5 44. Kd3 Kf4 45. d5 Ke5 46.
dxc6 Kd6 47. c5+ Kxc6 48. Kc4 a5 0-1

[Event "Air Force ch"]
[Site "?"]
[Date "1987.??.??"]
[Round "5"]
[White "Cotreau, K."]
[Black "McCalmont, J."]
[Result "0-1"]
[WhiteElo "2155"]
[BlackElo "2155"]
[PlyCount "96"]
[EventDate "1987.??.??"]

1. d4 Nf6 2. c4 e6 3. Nf3 d5 4. Nc3 c6 5. cxd5 exd5 6. Bg5 h6 7. Bh4 Bd6 8. Qc2
Qe7 9. e3 O-O 10. Bd3 Re8 11. O-O Nbd7 12. Rae1 Qf8 13. Nd2 c5 14. Nb5 c4 15.
Bf5 Bb8 16. Nc3 Qd6 17. Bg3 Qc6 18. Bxb8 Nxb8 19. Bxc8 Qxc8 20. e4 dxe4 21.
Ncxe4 Nxe4 22. Nxe4 Rd8 23. Rd1 Na6 24. Rd2 Nb4 25. Qa4 Nd3 26. Qa3 Qc6 27. Ng3
g6 28. Qc3 Rac8 29. Ne2 b5 30. a3 Qd5 31. Rfd1 Re8 32. f3 Qg5 33. h3 h5 34. Nc1
Qe3+ 35. Kh2 Qf4+ 36. g3 Qxf3 37. Nxd3 cxd3 38. Qxd3 Qxd3 39. Rxd3 Re2+ 40. Kg1
Rcc2 41. b4 Rg2+ 42. Kh1 Kf8 43. d5 Ke7 44. d6+ Kd7 45. g4 hxg4 46. hxg4 Rh2+
47. Kg1 Rcg2+ 48. Kf1 Rxg4 0-1

[Event "Air Force ch"]
[Site "?"]
[Date "1989.??.??"]
[Round "2"]
[White "Burden, J."]
[Black "Hood, A."]
[Result "0-1"]
[WhiteElo "2030"]
[BlackElo "2110"]
[PlyCount "95"]
[EventDate "1989.??.??"]

1. e4 Nf6 2. d3 d5 3. e5 Nfd7 4. d4 Nb6 5. Bd3 Nc6 6. c3 Be6 7. f4 Qd7 8. Qc2
g6 9. Ne2 Bf5 10. Bxf5 gxf5 11. b4 a6 12. Ng3 e6 13. Nh5 Be7 14. a4 O-O 15. O-O
Kh8 16. Rf3 Rg8 17. Rh3 Rg6 18. Ra2 Qe8 19. Nd2 Nd7 20. Nf3 b5 21. Ng5 h6 22.
g4 fxg4 23. Rh4 Kg8 24. f5 exf5 25. Qxf5 Bxg5 26. Bxg5 hxg5 27. Rxg4 Qe6 28.
Qxe6 fxe6 29. axb5 Ne7 30. bxa6 Kf7 31. b5 Nf5 32. Rf2 Ke7 33. Nf4 Rg7 34. Nh3
Rag8 35. Re2 Nb6 36. Nf2 Nc4 37. Nd1 Rb8 38. a7 Ra8 39. Ra2 Kd7 40. Kf2 c6 41.
b6 Nxb6 42. Ne3 Nc8 43. Nxf5 exf5 44. Rg1 Rxa7 45. Rb2 Ke6 46. h4 g4 47. Rb3 f4
48. Rb2 0-1

[Event "1991 Armed Forces Ch"]
[Site "?"]
[Date "1991.??.??"]
[Round "7"]
[White "Waldowski, P."]
[Black "Murillo, M."]
[Result "0-1"]
[WhiteElo "2180"]
[BlackElo "2205"]
[PlyCount "98"]
[EventDate "1991.??.??"]

1. e4 c5 2. d4 cxd4 3. c3 dxc3 4. Nxc3 e6 5. Nf3 Nc6 6. Bc4 Qc7 7. O-O Nf6 8.
Qe2 Ng4 9. Nb5 Qb8 10. h3 h5 11. Bg5 a6 12. Nd6+ Bxd6 13. hxg4 hxg4 14. Nh4
Bh2+ 15. Kh1 Bf4 16. Qxg4 Bxg5 17. Qxg5 Qe5 18. Qxe5 Nxe5 19. Bb3 Rxh4+ 20. Kg1
Rxe4 21. f4 Nc6 22. f5 Nd4 23. fxe6 dxe6 24. Bd1 Bd7 25. Rc1 Ne2+ 26. Bxe2 Rxe2
27. Rc7 Rc8 28. Rxb7 Rxg2+ 29. Kh1 Rcc2 30. Rxf7 Kxf7 31. Rxd7+ Kf6 32. Rd1 g5
33. b4 g4 34. a4 g3 35. b5 Rh2+ 36. Kg1 Rcg2+ 37. Kf1 axb5 38. axb5 Rh1+ 39.
Kxg2 Rxd1 40. Kxg3 Kf5 41. b6 e5 42. b7 Rb1 43. b8=R Rxb8 44. Kf3 Rb3+ 45. Ke2
e4 46. Kf2 Kf4 47. Ke2 e3 48. Ke1 Kf3 49. Kd1 Rc3 0-1

[Event "Air Force ch"]
[Site "?"]
[Date "1992.??.??"]
[Round "5"]
[White "Smith, B."]
[Black "Echaure, S."]
[Result "1-0"]
[WhiteElo "1815"]
[BlackElo "2075"]
[PlyCount "97"]
[EventDate "1992.??.??"]

1. d4 Nf6 2. c4 g6 3. Nc3 Bg7 4. e4 d6 5. f4 c6 6. e5 Ng4 7. Be2 h5 8. Nf3 Na6
9. h3 Nh6 10. Be3 Nf5 11. Bf2 Nc7 12. Qd2 Ne6 13. d5 Nc5 14. O-O-O Qa5 15. g4
hxg4 16. hxg4 Rxh1 17. Rxh1 Nh6 18. Bxc5 dxc5 19. g5 Nf5 20. Rh7 Kf8 21. Bd3
Kg8 22. Qh2 Qd8 23. Be4 Bd7 24. Qh1 Rc8 25. e6 Be8 26. Bxf5 gxf5 27. Rxg7+ Kxg7
28. Qh6+ Kg8 29. Ne5 Qd6 30. g6 fxg6 31. Nxg6 Bxg6 32. Qxg6+ Kh8 33. Qh5+ Kg8
34. Qf7+ Kh8 35. Qxf5 Rg8 36. Ne4 Rg1+ 37. Kd2 Qd8 38. Qe5+ Kh7 39. d6 Qa5+ 40.
Nc3 Rg2+ 41. Ke3 exd6 42. Qf5+ Rg6 43. e7 d5 44. Qxg6+ Kxg6 45. e8=Q+ Kh6 46.
f5 d4+ 47. Kf3 Kg7 48. Qe7+ Kh6 49. Ne4 1-0